|
|
|
|
| LEADER |
00000nas a22000007a 4500 |
| 005 |
20130325143205.0 |
| 007 |
cr|||| |||| |
| 008 |
130325c20039999xxubr|p s|||| 0|||a1eng d |
| 035 |
|
|
|a 7303
|
| 040 |
|
|
|a vLex
|
| 090 |
|
|
|c 4006
|d 4006
|
| 245 |
0 |
0 |
|a Courts Today
|h [Recurso electrn̤ico]
|
| 256 |
|
|
|a Servicio en ln̕ea
|
| 260 |
|
|
|a Hermosa Beach, CA :
|b Criminal Justice Media,
|c 2003-
|
| 300 |
|
|
|a 1 Recurso electrn̤ico
|
| 506 |
|
|
|d vLex Global
|d vLex Global (Academic Edition, excluding Law Schools)
|d vLex Global (U.S. Academic Edition, Law Schools)
|d vLex Global (U.S. Academic Edition, excluding Law Schools)
|d vLex Global (Academic Edition, Law Schools)
|
| 650 |
0 |
4 |
|a Jurisprudencia
|v Revistas
|z Estados Unidos
|
| 740 |
|
|
|a vLex Revistas (Servicio en ln̕ea)
|
| 856 |
|
|
|a Acceso restringido
|u http://www.vlex.com/source/7303
|
| 942 |
|
|
|c REV
|
| 999 |
|
0 |
|a Jurisprudence
|